Billboard’s 500 Greatest Pop Songs of All Time - Statistics

General Stats
  • This quiz has been taken 378 times
  • The average score is 148 of 500
Answer Stats
Song Artist % Correct
Beat It | Billie Jean | Don’t Stop ‘Til You Get Enough Michael Jackson
84%
Oops!…I Did It Again | Toxic | …Baby One More Time Britney Spears
81%
All Too Well (10 Minute Version) | Anti-Hero | Blank Space | You Belong With Me Taylor Swift
81%
Hey Jude | I Want to Hold Your Hand | Yesterday The Beatles
81%
Borderline | Like a Prayer | Vogue Madonna
78%
In Da Club 50 Cent
77%
Rolling in the Deep | Someone Like You Adele
77%
Love on Top | Single Ladies (Put a Ring on It) Beyoncé
77%
Party in the U.S.A. | Wrecking Ball Miley Cyrus
76%
Take on Me a-ha
75%
My Heart Will Go On Celine Dion
74%
All I Want for Christmas Is You | Fantasy | We Belong Together Mariah Carey
74%
How Will I Know | I Wanna Dance With Somebody (Who Loves Me) | I Will Always Love You Whitney Houston
73%
Bad Romance | Born This Way Lady Gaga
71%
All for You | Miss You Much | That’s the Way Love Goes Janet Jackson
70%
Bennie and the Jets | Your Song Elton John
69%
Lose Yourself | My Name Is Eminem
69%
Is She Really Going Out With Him? Joe Jackson
69%
Hot N Cold | Teenage Dream Katy Perry
69%
Every Breath You Take The Police
67%
Can’t Help Falling in Love | Suspicious Minds Elvis Presley
66%
Faith | Freedom ‘90 George Michael
66%
Dancing Queen ABBA
65%
Achy Breaky Heart Billy Ray Cyrus
65%
Believe | If I Could Turn Back Time Cher
64%
SexyBack Justin Timberlake
64%
How Deep Is Your Love | Stayin’ Alive Bee Gees
62%
Little Red Corvette Prince
62%
Chandelier Sia
62%
Genie in a Bottle Christina Aguilera
61%
Viva La Vida Coldplay
61%
Smells Like Teen Spirit Nirvana
61%
Uptown Girl Billy Joel
60%
(You Make Me Feel Like) A Natural Woman | Respect Aretha Franklin
59%
Best I Ever Had | Hotline Bling Drake
59%
Sweet Child o’ Mine Guns N’ Roses
59%
Livin’ on a Prayer Jon Bon Jovi
59%
Steal My Sunshine LEN
59%
No Scrubs | Waterfalls TLC
59%
Girls Just Want to Have Fun | Time After Time Cyndi Lauper
58%
Runaround Sue Dion
58%
Country Grammar (Hot Shit) | Hot in Herre Nelly
58%
I Gotta Feeling The Black Eyed Peas
58%
Proud Mary Ike & Tina Turner
57%
Raise Your Glass P!nk
57%
I Want It That Way Backstreet Boys
56%
Livin’ La Vida Loca Ricky Martin
56%
What’s Love Got to Do With It Tina Turner
56%
You Make Me Wanna… Usher
56%
Wake Me Up Before You Go-Go Wham!
56%
Thank U, Next Ariana Grande
55%
Hollaback Girl Gwen Stefani
55%
Gin and Juice Snoop Dogg
55%
Don’t Leave Me This Way Thelma Houston
55%
(I Can’t Get No) Satisfaction | Miss You The Rolling Stones
55%
Sk8er Boi Avril Lavigne
54%
9 to 5 Dolly Parton
54%
Thinking Out Loud Ed Sheeran
54%
Tik Tok Ke$ha
54%
Hey Ya! OutKast
54%
Gangnam Style Psy
54%
Crazy Little Thing Called Love Queen
54%
Losing My Religion R.E.M.
54%
If I Ain’t Got You Alicia Keys
53%
Rehab Amy Winehouse
53%
Call Me | Heart of Glass Blondie
53%
I Heard It Through the Grapevine | What’s Going On Marvin Gaye
53%
Africa Toto
53%
My Prerogative Bobby Brown
52%
You’re So Vain Carly Simon
52%
Don’t Stop Believin’ Journey
52%
Super Bass Nicki Minaj
52%
Physical Olivia Newton-John
52%
God Only Knows | Good Vibrations The Beach Boys
52%
Ring of Fire Johnny Cash
51%
Blinding Lights The Weeknd
51%
Barbie Girl Aqua
50%
What a Wonderful World Louis Armstrong
50%
Wonderwall Oasis
50%
Jump Van Halen
50%
Wannabe Spice Girls
49%
Royals Lorde
48%
Bye Bye Bye | Tearin’ Up My Heart *NSYNC
48%
ABC The Jackson 5
48%
Dancing in the Dark Bruce Springsteen
47%
Levitating Dua Lipa
47%
Bad Guy Billie Eilish
46%
These Boots Are Made for Walkin’ Nancy Sinatra
46%
What Makes You Beautiful One Direction
46%
Never Gonna Give You Up Rick Astley
46%
The Box Roddy Ricch
46%
Le Freak Chic
45%
Gangsta’s Paradise Coolio
45%
Say My Name Destiny’s Child
45%
Since U Been Gone Kelly Clarkson
45%
Hungry Like the Wolf Duran Duran
44%
I Want You Back Jackson 5
44%
This Love Maroon 5
44%
Heaven Is a Place on Earth Belinda Carlisle
43%
One More Time Daft Punk
43%
Downtown Petula Clark
43%
Mrs. Robinson Simon & Garfunkel
42%
Take My Breath Away Berlin
41%
Call Me Maybe Carly Rae Jepsen
41%
I’m Coming Out Diana Ross
41%
Take Me Home, Country Roads John Denver
41%
All Night Long (All Night) Lionel Richie
41%
Sweet Caroline Neil Diamond
41%
Mr. Brightside The Killers
41%
Let’s Stay Together Al Green
40%
Bodak Yellow (Money Moves) Cardi B
40%
Before He Cheats Carrie Underwood
40%
Kiss From a Rose Seal
40%
Man! I Feel Like a Woman! Shania Twain
40%
Sweet Dreams (Are Made of This) Eurythmics
39%
Everybody Wants to Rule the World Tears for Fears
39%
Big Poppa The Notorious B.I.G.
39%
It’s Not Unusual Tom Jones
39%
Fast Car Tracy Chapman
39%
Total Eclipse of the Heart Bonnie Tyler
38%
September Earth, Wind & Fire
38%
I Will Survive Gloria Gaynor
38%
Summertime Sadness Lana Del Rey
38%
Truth Hurts Lizzo
38%
I’m Too Sexy Right Said Fred
38%
Push It | Shoop Salt-n-Pepa
38%
My Cherie Amour | You Are the Sunshine of My Life Stevie Wonder
38%
Manic Monday The Bangles
38%
Where Did Our Love Go | You Can’t Hurry Love The Supremes
38%
The Sign Ace of Base
37%
All the Small Things Blink-182
37%
At Last Etta James
37%
As It Was Harry Styles
37%
Jack & Diane John Mellencamp
37%
Can’t Get You Out of My Head Kylie Minogue
37%
Free Fallin’ Tom Petty
37%
Brown Eyed Girl Van Morrison
37%
More Than a Feeling Boston
36%
It’s Too Late Carole King
36%
One of These Nights Eagles
36%
Flashdance…What a Feeling Irene Cara
36%
Doo-Wop (That Thing) Lauryn Hill
36%
All Star Smash Mouth
36%
Bad Girls | Last Dance Donna Summer
35%
Celebration Kool & The Gang
35%
West End Girls Pet Shop Boys
35%
Circles Post Malone
35%
Jessie’s Girl Rick Springfield
35%
Just My Imagination (Running Away With Me) | My Girl The Temptations
35%
Dreams Fleetwood Mac
34%
Drivers License Olivia Rodrigo
34%
Hey There Delilah Plain White T’s
34%
Loser Beck
33%
Macarena (Bayside Boys Mix) Los Del Rio
33%
Paper Planes M.I.A.
33%
Get Ur Freak On | Work It Missy Elliott
33%
Just a Girl No Doubt
33%
Straight Up Paula Abdul
33%
Hit the Road Jack Ray Charles
33%
Nothing Compares 2 U Sinéad O’Connor
33%
I’m a Believer The Monkees
33%
You Oughta Know Alanis Morissette
32%
I Want to Know What Love Is Foreigner
32%
Love Shack The B-52s
32%
California Dreamin’ The Mamas & The Papas
32%
Modern Love David Bowie
31%
American Pie Don McLean
31%
I Only Want to Be With You Dusty Springfield
31%
MMMBop Hanson
31%
Walking on Sunshine Katrina and the Waves
31%
(Sittin’ On) The Dock of the Bay Otis Redding
31%
Sledgehammer Peter Gabriel
31%
Smooth Operator Sade
31%
You Really Got Me The Kinks
31%
Copacabana Barry Manilow
30%
Gonna Make You Sweat (Everybody Dance Now) C+C Music Factory
30%
The Twist Chubby Checker
30%
Come on Eileen Dexy’s Midnight Runners
30%
All I Wanna Do Sheryl Crow
30%
Don’t You (Forget About Me) Simple Minds
30%
I Got You Babe Sonny & Cher
30%
Crank That (______ ___) Soulja Boy
30%
Big Yellow Taxi Joni Mitchell
29%
Bette Davis Eyes Kim Carnes
29%
Funkytown Lipps Inc.
29%
You Got It (The Right Stuff) New Kids on the Block
29%
Baby Got Back Sir Mix-a-Lot
29%
Kill Bill SZA
29%
Dynamite BTS
28%
Gasolina Daddy Yankee
28%
Dynamite Taio Cruz
28%
My Sharona The Knack
28%
Cruel Summer Bananarama
27%
Say So Doja Cat
27%
Mama Said Knock You Out LL Cool J
27%
It Must Have Been Love Roxette
27%
Just Like Heaven The Cure
27%
I’m So Excited The Pointer Sisters
27%
Boom Clap Charli XCX
26%
Stacy’s Mom Fountains of Wayne
26%
Killing Me Softly Fugees
26%
Need You Tonight INXS
26%
You’ve Lost That Lovin’ Feelin’ The Righteous Brother
26%
Be My Baby The Ronettes
26%
I Left My Heart in San Francisco Tony Bennett
26%
I’ll Make Love to You Boyz II Men
25%
Enjoy the Silence Depeche Mode
25%
Crazy Gnarls Barkley
25%
Jump Around House of Pain
25%
This Is How We Do It Montell Jordan
25%
Get Busy Sean Paul
25%
Tainted Love Soft Cell
25%
(They Long to Be) Close to You The Carpenters
25%
Give Your Heart a Break Demi Lovato
24%
Margaritaville Jimmy Buffett
24%
Still Into You Paramore
24%
We Are Family Sister Sledge
24%
Lovefool The Cardigans
24%
Shut Up and Dance Walk the Moon
24%
I Ran (So Far Away) A Flock of Seagulls
23%
Sugar, We’re Going Down Fall Out Boy
23%
It Was a Good Day Ice Cube
23%
Need You Now Lady A
23%
Torn Natalie Imbruglia
23%
Back on the Chain Gang Pretenders
23%
It’s Tricky Run-D.M.C.
23%
Happy Together The Turtles
23%
Mickey Toni Basil
23%
Levels Avicii
22%
Ain’t No Sunshine Bill Withers
22%
Brick House Commodores
22%
I Say a Little Prayer | Walk on By Dionne Warwick
22%
The Boys of Summer Don Henley
22%
All I Have to Do Is Dream Everly Brothers
22%
Midnight Train to Georgia Gladys Knight & The Pips
22%
Our Lips Are Sealed Go-Go’s
22%
Everyday People Sly & The Family Stone
22%
Just What I Needed The Cars
22%
Centerfold The J. Geils Band
22%
867-5309/Jenny Tommy Tutone
22%
Night Moves Bob Seger
21%
(Your Love Keeps Lifting Me) Higher and Higher Jackie Wilson
21%
Lucid Dreams Juice WRLD
21%
Sugar, Sugar The Archies
21%
December 1963 (Oh What a Night) The Four Seasons
21%
Don’t You Want Me The Human League
21%
I Want You To Want Me Cheap Trick
20%
Don’t Bring Me Down Electric Light Orchestra
20%
XO Tour Llif3 Lil Uzi Vert
20%
Show Me Love Robin S.
20%
I Can’t Help Myself The Four Tops
20%
Walking on Broken Glass Annie Lennox
19%
I Feel for You Chaka Khan
19%
La Bamba Ritchie Valens
19%
Silly Love Songs Wings
19%
Boogie Shoes KC and the Sunshine Band
18%
Rapper’s Delight Sugarhill Gang
18%
She Looks So Perfect 5 Seconds of Summer
17%
Tití Me Preguntó Bad Bunny
17%
Beyond the Sea Bobby Darin
17%
Photograph Def Leppard
17%
Praise You Fatboy Slim
17%
Stay (I Missed You) Lisa Loeb
17%
Heat Wave Martha and the Vandellas
17%
I’m Not in Love 10cc
16%
Stand by Me Ben E. King
16%
Raindrops Keep Fallin’ on My Head B.J. Thomas
16%
My Lovin’ (You’re Never Gonna Get It) En Vogue
16%
The Power of Love Huey Lewis & The News
16%
Theme From Shaft Isaac Hayes
16%
Bulletproof La Roux
16%
Bizarre Love Triangle New Order
16%
Wonderful World Sam Cooke
16%
Dreaming of You Selena
16%
All the Things She Said t.A.T.u
16%
What a Fool Believes The Doobie Brothers
16%
Semi-Charmed Life Third Eye Blind
16%
Hold On Wilson Phillips
16%
Sister Golden Hair America
15%
Something to Talk About Bonnie Raitt
15%
Love Will Keep Us Together Captain & Tennille
15%
Everytime We Touch Cascada
15%
Runaway Del Shannon
15%
Can’t Take My Eyes Off You Frankie Valli
15%
The Middle Jimmy Eat World
15%
Aquarius/Let the Sunshine In The 5th Dimension
15%
Just a Friend Biz Markie
14%
Trap Queen Fetty Wap
14%
She Drives Me Crazy Fine Young Cannibals
14%
It’s My Party Lesley Gore
14%
Dancing in the Street Martha & The Vandellas
14%
Real Love Mary J. Blige
14%
Under the Boardwalk The Drifters
14%
Louie Louie The Kingsmen
14%
What I Like About You The Romantics
14%
She’s Not There The Zombies
14%
Hooked on a Feeling Blue Swede
13%
Boo’d Up Ella Mai
13%
Pony Ginuwine
13%
Burnin’ Up Jonas Brothers
13%
Lady Marmalade Labelle
13%
I Melt With You Modern English
13%
Goodbye Earl The Chicks
13%
Will You Love Me Tomorrow The Shirelles
13%
A Thousand Miles Vanessa Carlton
13%
Me & U Cassie
12%
Christmas (Baby Please Come Home) Darlene Love
12%
Jump Kriss Kross
12%
You Get What You Give New Radicals
12%
Kiss | Raspberry Beret Prince and the Revolution
12%
Let the Music Play Shannon
12%
I Touch Myself The Divinyls
12%
Love Grows (Where My Rosemary Goes) Edison Lighthouse
11%
That Lady Isley Brothers
11%
I Can See Clearly Now Johnny Nash
11%
You’re the One That I Want John Travolta & Olivia Newton-John
11%
Leave (Get Out) JoJo
11%
Unwritten Natasha Bedingfield
11%
Shout The Isley Brothers
11%
Do You Believe in Magic The Lovin’ Spoonful
11%
You’re Makin’ Me High Toni Braxton
11%
The Boy Is Mine Brandy & Monica
10%
Hey Jealousy Gin Blossoms
10%
Walking in Memphis Marc Cohn
10%
Candy Girl New Edition
10%
Your Love The Outfield
10%
I Think I Love You The Partridge Family
10%
This Will Be Natalie Cole
9%
The Tears of a Clown | The Tracks of My Tears Smokey Robinson and the Miracles
9%
You Make Me Feel (Mighty Real) Sylvester
9%
The Letter The Box Tops
9%
Build Me Up Buttercup The Foundations
9%
Rack City Tyga
9%
Are You That Somebody? Aaliyah
8%
Saturday Night Bay City Rollers
8%
Party Up (Up in Here) DMX
8%
Band of Gold Freda Payne
8%
Gloria Laura Branigan
8%
Buffalo Stance Neneh Cherry
8%
The Girl From Ipanema Stan Getz & Joao Gilberto
8%
Better Off Alone Alice Deejay
7%
Only in My Dreams Debbie Gibson
7%
Never Too Much Luther Vandross
7%
Glad All Over The Dave Clark Five
7%
Give Him a Great Big Kiss The Shangri-Las
7%
Young Hearts Run Free Candi Staton
6%
I Love You Always Forever Donna Lewis
6%
Return of the Mack Mark Morrison
6%
Another Night Real McCoy
6%
Bad Habit Steve Lacy
6%
Then He Kissed Me The Crystals
6%
Please Mr. Postman The Marvelettes
6%
Crazy in Love Beyoncé ft. Jay-Z
5%
Finally CeCe Peniston
5%
Stupid Cupid Connie Francis
5%
Groove Is in the Heart Deee-Lite
5%
Empire State of Mind Jay-Z ft. Alicia Keys
5%
Gold Digger Kanye West ft. Jamie Foxx
5%
Old Town Road (Remix) Lil Nas X ft. Billy Ray Cyrus
5%
O.P.P. Naughty by Nature
5%
My Boyfriend’s Back The Angels
5%
Best of My Love The Emotions
5%
Genius of Love Tom Tom Club
5%
If I Can’t Have You Yvonne Elliman
5%
Poison Bell Biv DeVoe
4%
Put Your Records On Corinne Bailey Rae
4%
Get Lucky Daft Punk ft. Pharrell
4%
She’s Gone | You Make My Dreams Daryl Hall & John Oates
4%
No Air Jordin Sparks & Chris Brown
4%
Brandy (You’re a Fine Girl) Looking Glass
4%
Uptown Funk! Mark Ronson ft. Bruno Mars
4%
Cruel to Be Kind Nick Lowe
4%
Native New Yorker Odyssey
4%
Umbrella Rihanna ft. Jay-Z
4%
Hips Don’t Lie Shakira ft. Wyclef Jean
4%
Windy The Association
4%
Go All The Way The Raspberries
4%
Could It Be I’m Falling in Love? The Spinners
4%
Freak Like Me Adina Howard
3%
96 Tears ? and the Mysterians
3%
No Matter What Badfinger
3%
Titanium David Guetta ft. Sia
3%
We Are Young Fun. ft. Janelle Monáe
3%
Promiscuous Nelly Furtado ft. Timbaland
3%
We Found Love Rihanna ft. Calvin Harris
3%
Closer The Chainsmokers ft. Halsey
3%
I Saw the Light Todd Rundgren
3%
American Boy Estelle ft. Kanye West
2%
Let Me Blow Ya Mind Eve ft. Gwen Stefani
2%
Somebody That I Used to Know Gotye ft. Kimbra
2%
I Love It Icona Pop ft. Charli XCX
2%
I Got You (I Feel Good) James Brown and the Famous Flames
2%
Mr. Big Stuff Jean Knight
2%
Baby Justin Bieber ft. Ludacris
2%
Tears on My Pillow Little Anthony and the Imperials
2%
Savage Remix Megan Thee Stallion ft. Beyoncé
2%
Yummy Yummy Yummy Ohio Express
2%
Work Rihanna ft. Drake
2%
Drop It Like It’s Hot Snoop Dogg ft. Pharrell
2%
Crimson and Clover Tommy James and the Shondells
2%
Sweet Soul Music Arthur Conley
1%
Everlasting Love Carl Carlton
1%
Goodies Ciara ft. Petey Pablo
1%
Rather Be Clean Bandit ft. Jess Glynne
1%
Too Late to Turn Back Now Cornelius Brothers & Sister Rose
1%
Latch Disclosure ft. Sam Smith
1%
Nuthin’ But a ‘G’ Thang Dr. Dre ft. Snoop Dogg
1%
Glamorous Fergie ft. Ludacris
1%
Beach Baby First Class
1%
Low Flo Rida ft. T-Pain
1%
My Boo Ghost Town DJ’s
1%
The Love I Lost Harold Melvin and the Blue Notes
1%
Big Pimpin’ Jay-Z ft. UGK
1%
Lollipop Lil Wayne ft. Static Major
1%
Ain’t No Mountain High Enough Marvin Gaye & Tammi Terrell
1%
Bad and Boujee Migos ft. Lil Uzi Vert
1%
Frontin’ Pharrell ft. Jay-Z
1%
It Takes Two Rob Base & DJ EZ-Rock
1%
Smooth Santana ft. Rob Thomas
1%
Stay The Kid LAROI & Justin Bieber
1%
Yeah! Usher ft. Lil Jon & Ludacris
1%
California Love 2Pac ft. Dr. Dre
0%
Still Not a Player Big Punisher ft. Joe
0%
No Diggity BLACKstreet ft. Dr. Dre
0%
Slide Calvin Harris ft. Frank Ocean & Migos
0%
Hey Ma Cam’Ron ft. Juelz Santana, Freekey Zekey & Toya
0%
I Like It Cardi B, J Balvin, & Bad Bunny
0%
Saturday Love Cherrelle with Alexander O’Neal
0%
I Don’t Like Chief Keef ft. Lil Reese
0%
You Don’t Love Me (No No No) Dawn Penn
0%
All I Do Is Win DJ Khaled ft. T-Pain, Ludacris, Snoop Dogg & Rick Ross
0%
Bailando Enrique Iglesias ft. Descemer Bueno & Gente de Zona
0%
Where Are Ü Now Jack Ü with Justin Bieber
0%
Mi Gente J Balvin & Willy Williams
0%
Jenny From the Block Jennifer Lopez ft. Styles P & Jadakiss
0%
Back That Azz Up Juvenile ft. Mannie Fresh & Lil Wayne
0%
Get Low Lil Jon & The East Side Boyz ft. Ying Yang Twins
0%
Crush on You Lil Kim ft. Lil Cease
0%
I Wonder If I Take You Home Lisa Lisa & Cult Jam with Full Force
0%
Party Rock Anthem LMFAO ft. Lauren Bennett & GoonRock
0%
Despacito Luis Fonsi & Daddy Yankee ft. Justin Bieber
0%
Move Ya Body Nina Sky ft. Jibbs
0%
Easy Lover Philip Bailey with Phil Collins
0%
Give Me Everything Pitbull ft. Ne-Yo, Afrojack & Nayer
0%
Black Beatles Rae Sremmurd ft. Gucci Mane
0%
Oh, Pretty Woman Roy Orbison and the Candy Men
0%
It Wasn’t Me Shaggy ft. Ricardo “RikRok” Ducent
0%
More Today Than Yesterday Spiral Starecase
0%
I Only Have Eyes for You The Flamingos
0%
Mo Money Mo Problems The Notorious B.I.G. ft. Mase & Diddy
0%
Buy U a Drank (Shawty Snappin’) T-Pain ft. Yung Joc
0%
Essence Wizkid ft. Tems
0%
No matching quizzes found
Score Distribution
Percent of People with Each Score
Percentile by Number Answered
Your Score History
You have not taken this quiz